letters of the alphabet in order in 15 seconds - Statistics

General Stats
  • This quiz has been taken 2,918 times
  • The average score is 23 of 26
Answer Stats
Hint Answer % Correct
a
100%
b
98%
c
97%
d
96%
e
95%
f
95%
g
94%
h
94%
i
93%
j
92%
k
91%
l
91%
m
90%
n
88%
o
88%
p
87%
q
86%
r
85%
s
84%
t
83%
u
82%
v
80%
w
79%
x
76%
y
74%
z
73%
No matching quizzes found
Score Distribution
Percent of People with Each Score
Percentile by Number Answered
Your Score History
You have not taken this quiz